Statistics for Lakes by Satellite Image #1

Click here to take the quiz!

General Stats

  • This quiz has been taken 33 times
    (25 since last reset)
  • The average score is 12 of 20

Answer Stats

Answer% Correct
Lake Erie
96%
Lake Michigan
96%
Lake Superior
92%
Lake Victoria
92%
Caspian Sea
88%
Lake Huron
88%
Lake Ontario
84%
Lake Baikal
80%
Lake Malawi
76%
Aral Sea
68%
Dead Sea
64%
Lake Tanganyika
56%
Lake Titicaca
56%
Lake Chad
40%
Lake Balaton
36%
Lake Ladoga
36%
Lake Geneva
32%
Lake Constance
24%
Lake Albert
16%
Lake Van
16%

Score Distribution

Percentile by Number Answered

Percent of People with Each Score

Your Score History

You have not taken this quiz since the last reset